Trasa Linii 107 (MPK KRAKÓW) - Statystyki

Ogólne statystyki
  • Ten quiz został rozwiązany 6 razy
  • Średni wynik to 14 z 17
Statystyki odpowiedzi
Lp. Ulica Przystanek % Poprawnych
6. (NŻ) Łużycka Bochenka
100%
9. (NŻ) Niebieska Hala Sportowa Piaski Wielkie
100%
11. ŻelazowskiegoNiebieska Kosocice
100%
7. (NŻ) Łużycka Łużycka
100%
10. (NŻ) Niebieska Niebieska Autostrada
100%
8. Cechowa Piaski Wielkie
100%
12. Żelazowskiego Szczegów
100%
1. Sławka Zajezdnia Wola Duchacka
100%
14. (NŻ) Krzemieniecka Żelazowskiego Barycz
80%
3. ↓ Trybuny Ludów Karpińskiego
80%
4. ↑ Trybuny Ludów Nowosądecka
80%
17. Drużbackiej Soboniowice
80%
5. Łużycka Tuchowska
80%
2. Trybuny LudówSławka Wola Duchacka
80%
13. (NŻ) Żelazowskiego Żelazowskiego
80%
16. Drużbackiej Drużbackiej
60%
15. (NŻ) Krzemieniecka Krzemienicka
20%
Nie znaleziono quizów pasujących do podanych kryteriów
Rozkład punktacji
Procent ludzi z każdym wynikiem
Percentyl według liczby udzielonych odpowiedzi
Twoja historia wyników
Nie rozwiązałeś tego quizu